| 000 | 00672nam a2200229 4500 | ||
|---|---|---|---|
| 001 | VA43930 | ||
| 003 | ES-SlBCS | ||
| 005 | 20210601155903.0 | ||
| 008 | 140520s1995 xxu||||| |||| 00| 0 spa d | ||
| 017 | _aB.43461-1994 | ||
| 020 | _a84-395-3815-4 | ||
| 041 | _aspa | ||
| 100 | 1 |
_aBrendon, Piers _9384991 |
|
| 245 | 1 | 0 |
_aWinston Churchill _cPiers Brendon; Víctor Pozanco |
| 260 |
_aBarcelona : _bPlaneta-De Agostini _c, 1995 |
||
| 300 |
_a254 p.; _c21 cm |
||
| 490 | 0 |
_aGrandes Biografías _v3 |
|
| 500 | _aTít. orig.: Winston Churchill: A Brief Life, 1984 | ||
| 600 | 1 |
_aChurchill, Winston-Biografía _9384992 |
|
| 700 | 1 |
_aPozanco, Víctor _9245885 |
|
| 942 | _cBK | ||
| 999 |
_c823062 _d823062 |
||